000 00618nam a2200205Ia 4500
005 20250508164958.0
008 008 250505s9999 xx 000 0 hin d
020 _a81-7917-069-1
037 _aTextBook
040 _aFEDL
_beng
_cFEDL
041 _ahin
_2eng
084 _a301, GID/R
_qFEDL
100 _aGiddens Anthony
245 0 _aPunjivad aur aadhunik samajik siddhant: Marx, Durkheim aur Max Weber ke lekhan ka vishleshan
260 _aDelhi, India
_bGranth Shilpi (India) Pvt. Ltd.
_c2006
300 _a328p.
365 _aINR
_b175
942 _cTB
_h301, GID/R
999 _c1392454
_d1392454